00842nam a2200181Ia 4500001001000000003000500010008004100015010001100056040000900067100004200076245025700118260003700375300001100412502010000423650004300523650002500566710006900591Para_5986CHAP220125s1990 xx 000 0 und d a204329 cCHAP aLópez Arellano, María del Socorro aSusceptibilidad a insecticidas en la palomilla dorso de diamante Plutella xilostella L. (Lepidoptera y Ponameautidae) procedente de Chapingo y dos localidades de la región hortícola del Bajío, México /c por María del Socorro López Arellano aMontecillos, Méx. :b el autor a112 h. aTesis (M. en C. Esp. en Entomología y Acarología) CP Centro de Entomología y Acarología aInsectos x resistencia a insecticidas aPlutella xylostella  aColegio de Postgraduados. Centro de Entomología y Acarología